UBT Library

Know your home furnishings / (Record no. 44017)

000 -LEADER
fixed length control field 00654cam a22002414a 4500
001 - CONTROL NUMBER
control field 12810559
005 - DATE AND TIME OF LATEST TRANSACTION
control field 20180302065815.0
008 - FIXED-LENGTH DATA ELEMENTS--GENERAL INFORMATION
fixed length control field 020607s2004 nyua 001 0 eng
010 ## - LIBRARY OF CONGRESS CONTROL NUMBER
LC control number 2002108015
020 ## - INTERNATIONAL STANDARD BOOK NUMBER
International Standard Book Number 1563672421
035 ## - SYSTEM CONTROL NUMBER
System control number (DLC) 2002108015
040 ## - CATALOGING SOURCE
Original cataloging agency DLC
Transcribing agency DLC
Modifying agency DLC
041 ## - LANGUAGE CODE
Language code of text/sound track or separate title eng
042 ## - AUTHENTICATION CODE
Authentication code pcc
080 ## - UNIVERSAL DECIMAL CLASSIFICATION NUMBER
Universal Decimal Classification number 747 ELS
082 00 - DEWEY DECIMAL CLASSIFICATION NUMBER
Classification number 747 ELS
Edition number 22
100 1# - Rafti
Rafti 41
101 ## - Shkurtesa
Shkurtesa ARK
245 10 - TITLE STATEMENT
Title Know your home furnishings /
Statement of responsibility, etc Virginia Hencken Elsasser.
906 ## - LOCAL DATA ELEMENT F, LDF (RLIN)
a 7
b cbc
c orignew
d 2
e epcn
f 20
g y-gencatlg
942 ## - ADDED ENTRY ELEMENTS (KOHA)
Source of classification or shelving scheme
Item type Books
Holdings
Withdrawn status Lost status Source of classification or shelving scheme Damaged status Not for loan Collection code Permanent location Current location Shelving location Date acquired Total Checkouts Full call number Barcode Date last seen Price effective from Koha item type
          Koleksioni i përgjithshem UBT - Lipjan UBT - Lipjan Koleksioni i përgjithshem 03/02/2018   747 ELS 002-3000479 03/02/2018 03/02/2018 Books
UBT Library © 2015-2024. All rights reserved University Education for Business and Technology